000 00495nam a2200193 a 4500
001 1769854927948
003 YourLibrary
005 20260131162126.0
008 260131s2009##################000#0#eng##
020 _a9780195388312
082 0 4 _a330.951
_bWIL
100 1 _aWilson, Scott Howard,
_eauthor.
245 1 0 _aRemade in China :
260 _bOUP USA,
_c2009.
300 _a305 pages
650 0 _aBusiness & Economics.
942 _cENGLISH
040 _aYourLibrary
_beng
_cYourLibrary
999 _c609599
_d609599